Мікроекономіка (Запис № 338886)

МАРК-запис
000 -Лідер
fixed length control field 00721nam a22002537a 4500
003 - Ідентифікатор контрольного номера
control field UA-OsUOA
001 - Контрольний номер
control field 52796
007 - Фіксоване поле фізичного опису
fixed length control field ta
008 - Елементи даних фіксованої довжини – загальна інформація
fixed length control field 20080304b un ||||| |||| 00| 0 ukr d
090 ## - Локальний шифр розміщення
Класифікаційний індекс УДК 330.101.542(075.8)
Авторський знак (НП) Б39
040 ## - Джерело каталогізації
Агенція оригінальної каталогізації UA-OsUOA
Мова каталогізації ukr
Агенція, яка здійснювала перезапис UA-OsUOA
Агенція, яка здійснювала модифікацію UA-OsUOA
041 ## - Код мови
Код мови тексту/ звукової доріжки чи окремого заголовка (П) ukr
080 ## - Індекс Універсальної десяткової класифікації
Індекс Універсальної десяткової класифікації (УДК) (НП) 330.101.542(075.8)
020 ## - Міжнародний стандартний книжковий номер (ISBN)
Міжнародний стандартний книжковий номер (ISBN) (НП) 978-966-364-530-8
100 ## - Основне введення – ім’я особи
Ім’я особи (НП) Безугла В. О.
245 ## - Відомості про назву
Назва (НП) Мікроекономіка
Решта назви (НП) Навчальний посібник
260 ## - Публікація, розповсюдження і т.п. (Вихідні дані)
Місце публікації, розповсюдження і т.п. (П) К.
Ім’я/ наймення видавництва, розповсюджувача і т.п. (П) Центр учбової літератури
Дата публікації, розповсюдження і т.п. (П) 2007
300 ## - Фізичний опис
Обсяг 288 с.
650 #7 - Додаткове предметне введення – тематичний термін
Тематичний термін чи географічна назва, як елемент введення (НП) 330 Економіка взагалі
Джерело заголовка чи терміна UDC
700 ## - Додаткове введення – ім'я особи
Ім’я особи (НП) Постіл І. І.
942 ## - Додаткові елементи входу (Коха)
Тип елемента Koha Книги
955 ## - Код типу видання за змістом
Код типу видання за змістом (НП) Навчальні видання
Фонди
Стан вилучень Стан втрат Джерело класифікації або схеми стелажів Стан уражень Не для кредиту Постійне місце розташування Поточне розміщення Дата придбання Джерело придбання Вартість, звичайна ціна покупки Інвентарний номер Усього замовленно Повний номер виклику Штрих-код Дата останнього перегляду Ціна ефективна від Тип елемента Koha Перевірено Дата останньої перевірки
    Universal Decimal Classification     АБ - Абонемент НБ АБ - Абонемент НБ 18/08/2008 103/2008 32.00 114571   330.101.542(075.8) Б39 114571 03/12/2021 04/03/2008 Книги    
    Universal Decimal Classification     АБ - Абонемент НБ АБ - Абонемент НБ 18/08/2008 103/2008 32.00 114572 1 330.101.542(075.8) Б39 114572 23/06/2023 04/03/2008 Книги 07/07/2023 23/06/2023
    Universal Decimal Classification     АБ - Абонемент НБ АБ - Абонемент НБ 18/08/2008 103/2008 32.00 114573   330.101.542(075.8) Б39 114573 03/12/2021 04/03/2008 Книги    
    Universal Decimal Classification     АБ - Абонемент НБ АБ - Абонемент НБ 18/08/2008 103/2008 32.00 114574   330.101.542(075.8) Б39 114574 03/12/2021 04/03/2008 Книги    
    Universal Decimal Classification     АБ - Абонемент НБ АБ - Абонемент НБ 18/08/2008 103/2008 32.00 114575 1 330.101.542(075.8) Б39 114575 03/12/2021 04/03/2008 Книги   13/03/2020
    Universal Decimal Classification     АБ - Абонемент НБ АБ - Абонемент НБ 18/08/2008 103/2008 32.00 114576   330.101.542(075.8) Б39 114576 03/12/2021 04/03/2008 Книги    
    Universal Decimal Classification     АБ - Абонемент НБ АБ - Абонемент НБ 18/08/2008 103/2008 32.00 114577   330.101.542(075.8) Б39 114577 03/12/2021 04/03/2008 Книги    
    Universal Decimal Classification     АБ - Абонемент НБ АБ - Абонемент НБ 18/08/2008 103/2008 32.00 114578   330.101.542(075.8) Б39 114578 03/12/2021 04/03/2008 Книги    
    Universal Decimal Classification     АБ - Абонемент НБ АБ - Абонемент НБ 18/08/2008 103/2008 32.00 114579   330.101.542(075.8) Б39 114579 03/12/2021 04/03/2008 Книги    
    Universal Decimal Classification     АБ - Абонемент НБ АБ - Абонемент НБ 18/08/2008 103/2008 32.00 114580 1 330.101.542(075.8) Б39 114580 24/05/2024 04/03/2008 Книги   21/02/2024
    Universal Decimal Classification     ЧЗ - Читальна зала ЧЗ - Читальна зала 04/03/2008 23/2008 32.00 111892   330.101.542(075.8) Б39 111892 07/02/2022 04/03/2008 Книги    
    Universal Decimal Classification     ЧЗ - Читальна зала ЧЗ - Читальна зала 01/03/2011 24/2011 38.00 131107   330.101.542(075.8) Б39 131107 07/02/2022 04/03/2008 Книги